| 000 | 01149cam a2200361 a 4500 | ||
|---|---|---|---|
| 001 | 4441 | ||
| 003 | FISKH | ||
| 005 | 20250327082843.0 | ||
| 008 | 931104s1995 nyua j 000 1 eng | ||
| 010 | _a 93043887 | ||
| 020 | _a0399226168 | ||
| 040 |
_aDLC _cDLC _dDLC _beng |
||
| 042 | _alcac | ||
| 050 | _aPZ7.R1936 | ||
| 082 | _a813.5 | ||
| 100 | 1 | _aRathmann, Peggy. | |
| 245 | 1 | 0 |
_aOfficer Buckle and Gloria / _cPeggy Rathmann. |
| 250 | _aFirst Scholastic printing, September 1996 | ||
| 260 |
_aNew York : _bScholastic, _c1995. |
||
| 300 |
_a30 unnumbered pages : _bcolor illustrations ; _c28 cm |
||
| 505 | _aN | ||
| 520 | _aThe children at Napville Elementary School always ignore Officer Buckle's safety tips, until a police dog named Gloria accompanies him when he gives his safety speeches. | ||
| 521 | 8 |
_a570
_bLexile |
|
| 521 | 8 |
_aN
_bRaz-Plus |
|
| 650 | 1 |
_aSafety _xFiction. |
|
| 650 | 1 |
_aPolice _xFiction. |
|
| 650 | 1 |
_aPolice dogs _xFiction. |
|
| 650 | 1 |
_aDogs _xFiction. |
|
| 650 | 1 |
_aSchools _xFiction. |
|
| 906 |
_a7 _bcbc _corignew _d1 _eocip _f19 _gy-gencatlg |
||
| 942 |
_2ddc _cBK _n0 |
||
| 999 |
_c4441 _d4441 |
||